Catálogo público

Normal view MARC view

Entry Nombre personal

Number of records used in: 3

001 - NÚMERO DE CONTROL

  • campo de control: 136608

003 - IDENTIFICADOR DEL NÚMERO DE CONTROL

  • campo de control: OSt

005 - FECHA Y HORA DE LA ÚLTIMA TRANSACCIÓN

  • campo de control: 20220906093704.0

008 - DATOS DE LONGITUD FIJA

  • campo de control de longitud fija: 190725 a|ac|n|aab||||||||||||a |n|||||||

040 ## - FUENTE DE LA CATALOGACIÓN

  • Centro catalogador/agencia de origen: mxchpua
  • Centro/agencia transcriptor: CHAP

100 1# - ENCABEZAMIENTO-NOMBRE DE PERSONA

  • Nombre de persona: Cabrera Manzano, Bruno

374 ## - OCUPACIÓN

  • Ocupación: Alumno del DIA